MARC

LEADER 00000nam0a2200000 4500
001 371010
005 20231102012333.0
035 |a (RuTPU)RU\TPU\retro\28419 
090 |a 371010 
100 |a 20220826d1964 k y0rusy50 ca 
101 0 |a eng 
102 |a US 
105 |a a z 001zy 
200 1 |a Pyridine and its Derivatives  |e In Four Parts  |h Part Four  |f editor E. Klinsberg 
210 |a New York  |c John Wiley  |d 1964 
215 |a 711 p.  |c il. 
225 1 |a The Chemistry of Heterocyclic compounds 
320 |a Bibliography at the end of chapters 
320 |a Cumulative Subject Index: p. 625-711. 
320 |a Cumulative Author Index: p. 467-624 
541 1 |a Пиридин и его производные  |z rus 
606 1 |a Гетероциклические соединения  |x Химия  |2 stltpush  |3 (RuTPU)RU\TPU\subj\6386  |9 34281 
610 1 |a пиридин 
610 1 |a спирты 
610 1 |a альдегиды 
610 1 |a кетоны 
610 1 |a соединения серы 
610 1 |a соединения селена 
610 1 |a мышьяк 
610 1 |a сурьма 
610 1 |a фосфор 
675 |a 547.7  |v 4 
702 1 |a Klinsberg  |b E.  |g Erwin  |4 340 
801 1 |a RU  |b 63413507  |c 20220826 
801 2 |a RU  |b 63413507  |c 20220826  |g RCR 
942 |c BK